000 00504nam a2200181 4500
001 132473
003 ES-MaACL
005 20251003063126.0
007 t|
008 070214s1920 fr r ||||1| fre d
100 1 _aRomains, Jules,
_d1885-1972
_999206
245 1 3 _aLe voyage des amants /
_cJules Romains (seud).
250 _a3ª. ed.
260 _aParis :
_bLa Nouvelle Revue Française,
_c1920.
300 _a81 p. ;
_c19 cm.
852 _aES-MaACL
_j1630-F-5
999 _c132473
_d132473